| 000 | 01059nam a22003257a 4500 | ||
|---|---|---|---|
| 001 | BR0303869 | ||
| 003 | BR-BrBNA | ||
| 005 | 20230928101340.0 | ||
| 007 | ta | ||
| 008 | 230509b bl.||||| |||| 00| 0 por d | ||
| 040 |
_aBR-BrBNA _bpor _cBiblioteca Nacional de Agricultura |
||
| 041 | _a(Por) | ||
| 072 |
_aH10; H20 _b1000 _b2120 _b4020 |
||
| 090 | _ 1000 BR0303869 | ||
| 100 | 1 | _aMarucci, R.C. | |
| 110 | 1 |
_aEscola Superior de Agricultura Luiz de Queiroz, Piracicaba, SP (Brasil) _0Tese (Doutor em Ciências) |
|
| 245 | 1 | _aEficiência de transmissão de Xylella fastidiosa por cigarrinhas (Hemiptera, Cicadellidae)em Citrus sinensis (L.)Osbeck e Coffea arabica L. | |
| 260 | 3 |
_aPiracicaba, SP (Brasil): _c2003. |
|
| 300 | _a139 p. | ||
| 500 | _aSummaries (Eng, Por); Bibliography p. 114-139; 25 illus.; 15 tables | ||
| 650 | _aFRUTA CÍTRICA | ||
| 650 | _aCAFÉ | ||
| 650 | _aENTOMOLOGIA | ||
| 650 | _aVETOR | ||
| 650 | _aCLOROSE | ||
| 650 | _aENTOMOFAUNA | ||
| 650 | _aCIGARRINHA | ||
| 909 |
_a202309 _bLucia _c55 _dLucia Elande |
||
| 942 | _cBK | ||
| 999 |
_c65384 _d65384 |
||